00377nam a2200133Ia 45000010005000000080041000050200022000460820020000681000022000882450061001102600030001719010027002019990015002281669241024s9999 xx 000 0 und d a978-99934-42-97-4 aRD/398.33/M779v aAriosto Montesano 0aVivencia y Ocurrencias Veganas, personajes y anécdotas bEdiciones Ferilibroc2009 a11/7/2011 2:04:16 p.m. c8247d8247